1089 1829 1594 1769 1113 1353 1336 1788 1041 1804 1904 1559 1710 1762 1875 1526 1298 1385 1549 1825 1311 1550 1078 1918 1961 1718 1961 1449 1168 1061 1140 1007 1942 1331 1546 1153 1334 1505 1041 1533 1145 1866 1527 1777 1526 1739 1426 1105 1138 1858 1593 1541 1715 1340 1469 1758 1124 1721 1940 1347 1336 1131 1833 1129 1674 1654 1999 1195 1241 1469 1409 1325 1852 1186 1544 1255 1620 1643 1625 1422 1759 1567 1271 1470 1297 1222 1167 1240 1594 1809 1960 1017 1452 1031 1432 1376 1530 1948 1704 BCNSPRNW ULIB Ver.6.0+V

เปลี่ยนเป็นภาษาไทย

Change to English
 แสดงรายละเอียดบรรณานุกรม
  กลับหน้าหลัก

Brief Record : Get Marc (ISO 2709) : E-mail record : QR code < ปิดหน้าต่าง
LEADER : 00000nam 2200000uu 4500
001    13399128883
003     ULIB
008    241024s2023||||th 000 0 tha d
020    ^a9780323881401
060 04 ^aQV4^bL742P
100 1  ^aLinda E. McCuistion
245 00 ^aPharmacology :^ba patient-centered nursing processapproach /^cKathleen Vuljoin DiMaggio
250    ^a11th ed.
260    ^aSt. Louis :^bElsevier Saunders,^c2023
300    ^axv, 810 p. :^bcol. ill. ;^c28 cm.
650  2 ^aPharmacological Phenomena^vNurses Instruction
650  2 ^aDrug Therapy^vNurses Instruction
650  2 ^aPatient-Centered Care^vNurses Instruction
650  2 ^aPharmaceutical Preparations^vNurses Instruction
700 1  ^aathleen Vuljoin DiMaggio
945    ^p3519^l0^i011130
999    ^aประนอม เกษจรัล
รายการนี้ยังไม่มีแท็ก
คุณยังไม่ได้ล็อกอิน คุณสามารถมีกิจกรรมร่วมกับเว็บไซต์ได้ แต่ต้องล็อกอินก่อน ::
  ล็อกอิน

รายการสื่อสารสนเทศ

ลำดับที่ ประเภท เลขเรียก/บาร์โค้ด สถานที่ สถานะ
1. วิทยาศาสตร์การแพทย์ และสุขภาพ
หนังสือสำรอง
สถานะ=หนังสือสำรอง
QV4 L742P ฉ.1 
  Barcode: 011130
ห้องสมุดวิทยาเขตสวรรค์ประชารักษ์
►หนังสือทั่วไป
บนชั้น

รายการใกล้เคียง
    ผู้แต่ง [Linda E. McCuistion]

BibComment


ยังไม่เคยถูกคอมเมนท์

คอมเมนท์ทรัพยากรรายการนี้
  คอมเมนท์: Pharmacology a ..


 Copyright 2026. Bcnsprnw @Library